000 00405nam a2200133Ia 4500
008 150509s9999 xx 000 0 und d
082 _aPAM 324.26978 VYA
245 _aVyama vingi vyaja Tanzania
260 _aDar es Salaam:
260 _bKamati ya Taifa ya Katiba na Mageuzi
260 _c1991
300 _aii ;88cm.
650 _aPolitical Parties - TanzaniaKamati ya Taifa ya Katiba na Mageuzi, Tanzania
999 _c7649
_d7649